000 00228nam a2200097Ia 4500
008 230915s9999 xx 000 0 und d
050 _aQA 152.2 .A84
100 _aAUFMANN,RICHARD
245 0 _aINTRODUCTORY ALGEBRA
942 _cBK
999 _c185294
_d185294